Detalles MARC
| 000 -CABECERA |
| campo de control de longitud fija |
03639nam a2200349 4500 |
| 001 - NÚMERO DE CONTROL |
| campo de control |
114582 |
| 003 - IDENTIFICADOR DEL NÚMERO DE CONTROL |
| campo de control |
DR-UNIBE |
| 005 - FECHA Y HORA DE LA ÚLTIMA TRANSACCIÓN |
| campo de control |
20260415153322.0 |
| 008 - DATOS DE LONGITUD FIJA--INFORMACIÓN GENERAL |
| campo de control de longitud fija |
260415b2026 dr ||||| |||| 00| 0 spa d |
| 020 ## - NÚMERO INTERNACIONAL ESTÁNDAR DEL LIBRO |
| Número Internacional Estándar del Libro |
9789945941982 (impreso) |
| 020 ## - NÚMERO INTERNACIONAL ESTÁNDAR DEL LIBRO |
| Número Internacional Estándar del Libro |
9789945941999 (electrónico) |
| 040 ## - FUENTE DE LA CATALOGACIÓN |
| Centro catalogador/agencia de origen |
BIBLIOTECA UNIBE |
| Lengua de catalogación |
spa |
| Centro/agencia transcriptor |
BIBLIOTECA UNIBE |
| 041 ## - CÓDIGO DE LENGUA |
| Código de lengua del texto/banda sonora o título independiente |
spa |
| 082 ## - NÚMERO DE LA CLASIFICACIÓN DECIMAL DEWEY |
| Número de edición |
22 |
| Número de clasificación |
RD 628.162 I59p 2026 |
| 110 2# - ENTRADA PRINCIPAL--NOMBRE DE ENTIDAD CORPORATIVA |
| Nombre de entidad corporativa o nombre de jurisdicción como elemento de entrada |
Instituto Geográfico Nacional José Joaquín Hungría Morell (IGN-JJHM). |
| Unidad subordinada |
Departamento de Investigación |
| Término indicativo de función/relación |
autor |
| 9 (RLIN) |
204196 |
| 245 10 - MENCIÓN DE TÍTULO |
| Título |
Presión humana sobre los humedales de San Antonio de Guerra en la República Dominicana : |
| Resto del título |
primera aproximación / |
| Mención de responsabilidad, etc. |
Instituto Geográfico Nacional José Joaquín Hungría Morell |
| 260 ## - PUBLICACIÓN, DISTRIBUCIÓN, ETC. |
| Lugar de publicación, distribución, etc. |
Santo Domingo : |
| Nombre del editor, distribuidor, etc. |
Instituto Panamericano de Geografía e Historia (IPGH), |
| Fecha de publicación, distribución, etc. |
2026 |
| 300 ## - DESCRIPCIÓN FÍSICA |
| Extensión |
150 páginas : |
| Otras características físicas |
ilustraciones en color, gráficos, tablas, mapas ; |
| Dimensiones |
30 cm |
| 504 ## - NOTA DE BIBLIOGRAFÍA, ETC. |
| Nota de bibliografía, etc. |
Incluye referencias bibliográficas (páginas: 131-136) e índice |
| 505 0# - NOTA DE CONTENIDO CON FORMATO |
| Nota de contenido con formato |
Listado de siglas |<br/>Agradecimientos |<br/>Presentación |<br/>Prólogo |<br/>Planteamiento del problema |<br/>Introducción |<br/>Capítulo I. Aspectos metodológicos |<br/>Capítulo II. Humedales: perspectiva general |<br/>Capítulo III. Contexto normativo de los humedales y recursos hídricos |<br/>Capítulo IV. Descripción del área de estudio |<br/>Capítulo V. Contexto socioeconómico del territorio San Antonio de Guerra |<br/>Capítulo VI. Caracterización geográfica |<br/>Capítulo VII. Caracterización climática |<br/>Capítulo VIII. Vulnerabilidad climática |<br/>Capítulo IX. Geografía de la población: evolución de los asentamientos humanos |<br/>Capítulo X. Humedales de San Antonio de Guerra |<br/>Capítulo XI. Primer nivel de estudio: análisis de las lagunas de San Antonio de Guerra |<br/>Capítulo XII. Segundo nivel de estudio: humedales localizados y analizados desde el punto de vista de la calidad del agua |<br/>Capítulo XIII. Tercer nivel de estudio: sistemas de humedales analizados integralmente |<br/>Conclusiones |<br/>Recomendaciones |<br/>Glosario de términos |<br/>Referencias bibliográficas |<br/>Anexos<br/> |
| 520 3# - SUMARIO, ETC. |
| Sumario, etc. |
Esta investigación, Presión humana sobre los humedales de San Antonio de Guerra en la República Dominicana. Primera aproximación, es una obra que analiza un tema neurálgico para la vida de los habitantes del municipio Santo Domingo Este, ya que el suministro de agua potable al acueducto de este municipio depende, en gran medida, del agua subterránea del municipio de Guerra, que cuenta con más de doscientas lagunas que emergen de las aguas subterráneas que vienen de Los Haitises, así como también del río Brujuelas, entre otros aportes acuíferos. Los objetivos de este estudio se enmarcan en la situación actual de los humedales de agua dulce del municipio, con la finalidad de indagar en un modelo replicable de adquisición de sustento cognoscitivo para la acción consciente e informada, orientada a la defensa y conservación de estos importantes ecosistemas. |
| 650 #7 - PUNTO DE ACCESO ADICIONAL DE MATERIA--TÉRMINO DE MATERIA |
| Fuente del encabezamiento o término |
lemb |
| Término de materia o nombre geográfico como elemento de entrada |
Humedales |
| Subdivisión geográfica |
San Antonio de Guerra (República Dominicana : Municipio) |
| 9 (RLIN) |
204203 |
| 650 #7 - PUNTO DE ACCESO ADICIONAL DE MATERIA--TÉRMINO DE MATERIA |
| Fuente del encabezamiento o término |
lemb |
| Término de materia o nombre geográfico como elemento de entrada |
Conservación de humedales |
| Subdivisión geográfica |
San Antonio de Guerra (República Dominicana : Municipio) |
| 9 (RLIN) |
204204 |
| 650 #7 - PUNTO DE ACCESO ADICIONAL DE MATERIA--TÉRMINO DE MATERIA |
| Fuente del encabezamiento o término |
lemb |
| Término de materia o nombre geográfico como elemento de entrada |
Purificación de aguas residuales |
| 9 (RLIN) |
31462 |
| 650 #7 - PUNTO DE ACCESO ADICIONAL DE MATERIA--TÉRMINO DE MATERIA |
| Fuente del encabezamiento o término |
lemb |
| Término de materia o nombre geográfico como elemento de entrada |
Tratamiento terrestre de aguas residuales |
| 9 (RLIN) |
204205 |
| 650 #7 - PUNTO DE ACCESO ADICIONAL DE MATERIA--TÉRMINO DE MATERIA |
| Fuente del encabezamiento o término |
lemb |
| Término de materia o nombre geográfico como elemento de entrada |
Recursos acuáticos |
| 650 #7 - PUNTO DE ACCESO ADICIONAL DE MATERIA--TÉRMINO DE MATERIA |
| Fuente del encabezamiento o término |
lemb |
| Término de materia o nombre geográfico como elemento de entrada |
Ecosistemas acuáticos |
| 9 (RLIN) |
90485 |
| 650 #7 - PUNTO DE ACCESO ADICIONAL DE MATERIA--TÉRMINO DE MATERIA |
| Fuente del encabezamiento o término |
lemb |
| Término de materia o nombre geográfico como elemento de entrada |
Conservación de los recursos naturales |
| 700 1# - PUNTO DE ACCESO ADICIONAL--NOMBRE DE PERSONA |
| Nombre de persona |
Troncoso Morales, Bolívar, |
| Fechas asociadas al nombre |
1950- |
| Término indicativo de función/relación |
presentación |
| 9 (RLIN) |
204190 |
| 700 1# - PUNTO DE ACCESO ADICIONAL--NOMBRE DE PERSONA |
| Nombre de persona |
Correa, Cenia |
| Término indicativo de función/relación |
prologuista |
| 9 (RLIN) |
204191 |
| 942 ## - ELEMENTOS DE PUNTO DE ACCESO ADICIONAL (KOHA) |
| Fuente del sistema de clasificación o colocación |
Sistema de Clasificación Decimal Dewey |
| Tipo de ítem Koha |
Libro (general) |